Fr. Conceicao Rodrigues College of Engineering

Linux Systems Administrators Survival Guide (Record no. 23592)

MARC details
000 -LEADER
fixed length control field 00316nam a2200145Ia 4500
082 ## - DEWEY DECIMAL CLASSIFICATION NUMBER
Classification number 005.133'L'
Item number PAR
100 ## - MAIN ENTRY--PERSONAL NAME
Personal name Parker/ Tim
245 ## - TITLE STATEMENT
Title Linux Systems Administrators Survival Guide
260 ## - PUBLICATION, DISTRIBUTION, ETC.
Name of publisher, distributor, etc. Techmedia
Date of publication, distribution, etc. 2000
300 ## - PHYSICAL DESCRIPTION
Extent 740
546 ## - LANGUAGE NOTE
Language note ENGLISH
654 ## - SUBJECT ADDED ENTRY--FACETED TOPICAL TERMS
Focus term linux
942 ## - ADDED ENTRY ELEMENTS (KOHA)
Koha item type Reference Book
Holdings
Withdrawn status Lost status Damaged status Not for loan Collection Home library Current library Date acquired Total Checkouts Full call number Barcode Date last seen Price effective from Koha item type
        CRC Fr. Agnel's C.Rodrigues College of Engineering Fr. Agnel's C.Rodrigues College of Engineering 17/03/2023   005.133'L' PAR 11699 17/03/2023 17/03/2023 Reference Book